000 01002nam a22001937a 4500
999 _c121205
_d121205
001 K121205
008 160218b2020 xxu||||| |||| 00| 0 eng d
041 _aeng
110 _aUnited Nations General Assembly
245 _aGaps in international environmental law and environmental -related instruments
_bTowards a global pact for the environment
_cReport of the Secretary-General
300 _a45p
490 _aUnited Nations General Assembly
_v73 Session Agenda Item 14 A/73/419. 30 November 2018
520 _aReviews and analyses existing international environmental law and environmental-related instruments. Highlights gaps and deficiencies in coverage at multiple levels. Notes that there is no framework regarding rules and principles, it is piecemeal and reactive with lack clarity and space legal redress, both nationally and internationally.
650 _aValue the planet
650 _aUnited nations
651 _aInternational
690 _96238
_aEnvironment
942 _n0